000 00596nam a22001937a 4500
008 150701b xxu||||| |||| 00| 0 alb d
020 _a9789995677503
041 0 _aalb
080 _a070.1
100 _aKovach, Bill; Rosenstiel, Tom;
245 _aElementët e gazetarisë :
_cBill Kovach; Tom Rosenstiel;
260 _aTiranë :
_bISHM,
_c2009.
300 _a295 f. ;
_c21 cm.
650 0 _aMasmedia
650 0 _aGazetaria
650 0 _aEtika e gazetarisë
650 0 _aLiria e fjalës
942 _2udc
_cBK
999 _c1085
_d1085